Score 0/24 Timer 03:00
0 Plays Today
Movie Title (Year) Missing Word % Correct
_____ Dogs Go to Heaven (1989)All
98%
The _____ and the Hound (1981)Fox
93.8%
_____ in Show (2000)Best
91%
One Hundred and One _____ (1961)Dalmatians
88.1%
Turner & _____ (1989)Hooch
88.1%
Homeward Bound: The Incredible _____ (1993)Journey
87.3%
_____ & Me (2008)Marley
86.6%
Old _____ (1957)Yeller
83.1%
_____ Come Home (1943)Lassie
80.3%
_____ Fang (1991)White
75.4%
Hachi: A Dog's _____ (2009)Tale
65.6%
The Secret Life of _____ (2016)Pets
64.1%
Movie Title (Year) Missing Word % Correct
The Adventures of Milo and _____ (1986)Otis
61.7%
Beverly Hills _____ (2008)Chihuahua
60.4%
_____ Below (2006)Eight
56%
The _____ Dachshund (1966)Ugly
39.6%
My Dog _____ (2000)Skip
38.3%
_____ Will (1994)Iron
36.1%
Air Bud: Golden _____ (1998)Receiver
29.4%
_____ and Roxanne (1997)Zeus
19.9%
_____ Bobby: The True Story of a Dog (1961)Greyfriars
9.9%
_____ Dog (2012)Vampire
6.7%
_____, Wild Dog of the North (1961)Nikki
5%
The Courage of _____, the Wolf Dog (1980)Kavik
4.3%

Today's Daily Dose

Remove Ads.
Support Sporcle.
Get the best of Sporcle when you Go Orange. This ad-free experience offers more features, more stats, and more fun while also helping to support Sporcle. Thank you for becoming a member.

You're not logged in!

Compare scores with friends on all Sporcle quizzes.
OR
Log In

Show Comments

Extras

Top Quizzes Today


Score Distribution

Your Account Isn't Verified!

In order to create a playlist on Sporcle, you need to verify the email address you used during registration. Go to your Sporcle Settings to finish the process.

Report this User

Report this user for behavior that violates our Community Guidelines.

Details: